Central Library OPAC University of Rajshahi

Jean Bodin and the sixteenth-century revolution in the methodology of law and history / (Record no. 46654)

MARC details
000 -LEADER
fixed length control field 00813nam a2200241 a 4500
001 - CONTROL NUMBER
control field 46654
003 - CONTROL NUMBER IDENTIFIER
rucl marc code BD-RjUL
005 - DATE AND TIME OF LATEST TRANSACTION
control field 20211209054202.0
008 - FIXED-LENGTH DATA ELEMENTS--GENERAL INFORMATION
fixed length control field 720128r19611966nyu b 001 0 eng
035 ## - SYSTEM CONTROL NUMBER
System control number (BD-RjUL)46773
040 ## - CATALOGING SOURCE
Original cataloging agency DLC
Transcribing agency OUrC
Modifying agency OCoLC
-- Uk
-- BD-RjUL
Language of cataloging eng
041 ## - LANGUAGE CODE
Language code of text/sound track or separate title eng
082 ## - DEWEY DECIMAL CLASSIFICATION NUMBER
Classification number 340.1
Edition number 23
Author mark and year FRJ 1966
100 1# - MAIN ENTRY--PERSONAL NAME
Personal name Franklin, Julian H.
9 (RLIN) 142248
245 10 - TITLE STATEMENT
Title Jean Bodin and the sixteenth-century revolution in the methodology of law and history /
Statement of responsibility, etc. Julian H. Franklin
260 ## - PUBLICATION, DISTRIBUTION, ETC. (IMPRINT)
Place of publication, distribution, etc. New York :
Name of publisher, distributor, etc. Columbia University Press,
Date of publication, distribution, etc. c1961 [ second printing 1966 ]
300 ## - PHYSICAL DESCRIPTION
Pagination 163 p. ;
Size 23 cm.
504 ## - BIBLIOGRAPHY, ETC. NOTE
Bibliography, etc Includes index and bibliography.
600 10 - SUBJECT ADDED ENTRY--PERSONAL NAME
Personal name Bodin, Jean,
Dates associated with a name 1530-1596.
650 #0 - SUBJECT ADDED ENTRY--TOPICAL TERM
Topical term or geographic name as entry element Jurisprudence
General subdivision History.
9 (RLIN) 139504
Topical term or geographic name as entry element Law
General subdivision Methodology.
9 (RLIN) 136921
942 ## - ADDED ENTRY ELEMENTS (KOHA)
Source of classification or shelving scheme Dewey Decimal Classification
Koha item type Books
Holdings
Lost status Source of classification or shelving scheme Damaged status Not for loan Collection code Permanent Location Current Location Shelving location Date acquired Source of acquisition Cost, normal purchase price Total Checkouts Full call number Date last seen Copy number Koha item type
  Dewey Decimal Classification     Non-fiction Central Library, University of Rajshahi Central Library, University of Rajshahi   02/06/1975 Johnalthan Wren & Co. 3.75   340.1 FRJ 1966 03/08/2016 C-2 Books